| 000 | 00544nam a22001817a 4500 | ||
|---|---|---|---|
| 008 | 151021b xxu||||| |||| 00| 0 eng d | ||
| 020 | _a0135007941 | ||
| 041 | 0 | _aeng | |
| 080 | _a510.62 | ||
| 100 | 1 | _aKolman, Bernard, | |
| 245 | 1 | 0 |
_aIntroductory discrete structures with applications / _cBernard Kolman, Robert C. Busby. |
| 260 |
_aEnglewood Cliffs, N.J. : _bPrentice-Hall, _c1987. |
||
| 300 |
_axiv, 364 f. : _bme il.; _c25 cm. |
||
| 650 | 0 | _aMatematika | |
| 650 | 0 | _aShkenca kompjuterike | |
| 700 | 1 | _aBusby, Robert C. | |
| 942 |
_2udc _cBK |
||
| 999 |
_c1322 _d1322 |
||